Laḥn al-ʻawāmm, (Record no. 48277)
[ view plain ]
| 000 -LEADER | |
|---|---|
| fixed length control field | 00830cam a22002411 4500 |
| 001 - CONTROL NUMBER | |
| control field | ne 65001501 |
| 003 - CONTROL NUMBER IDENTIFIER | |
| control field | DLC |
| 005 - DATE AND TIME OF LATEST TRANSACTION | |
| control field | 20260227111815.0 |
| 008 - FIXED-LENGTH DATA ELEMENTS--GENERAL INFORMATION | |
| fixed length control field | 880811s1964 ua h b 000 0 arar |
| 010 ## - LIBRARY OF CONGRESS CONTROL NUMBER | |
| LC control number | ne 65001501 |
| 035 ## - SYSTEM CONTROL NUMBER | |
| System control number | (OCoLC)18342741 |
| 040 ## - CATALOGING SOURCE | |
| Original cataloging agency | DLC |
| Transcribing agency | WaU |
| Modifying agency | DLC |
| 042 ## - AUTHENTICATION CODE | |
| Authentication code | premarc |
| 050 00 - LIBRARY OF CONGRESS CALL NUMBER | |
| Classification number | PJ6719 |
| Item number | .Z8 1964 |
| 100 1# - MAIN ENTRY--PERSONAL NAME | |
| Personal name | Zubaydi, Muhammad ibn al-Hasan. |
| 245 10 - TITLE STATEMENT | |
| Title | Laḥn al-ʻawāmm, |
| Statement of responsibility, etc. | taʼlīf Abī Bakr Muḥammad ibn Ḥasan ibn Mudhaḥḥaj al-Zubaydī. Taḥqīq wa-taʻlīq wa-taqdīm Raḍān ʻAbd al-Tawwāb. |
| 250 ## - EDITION STATEMENT | |
| Edition statement | al-Ṭabʻah 1. |
| 260 ## - PUBLICATION, DISTRIBUTION, ETC. | |
| Place of publication, distribution, etc. | [al-Qāhirah, |
| Name of publisher, distributor, etc. | Maktabat Dār al-ʻUrūbah] |
| Date of publication, distribution, etc. | 1964. |
| 300 ## - PHYSICAL DESCRIPTION | |
| Extent | 383 p. |
| Other physical details | facsims. |
| Dimensions | 24 cm. |
| 440 #0 - SERIES STATEMENT/ADDED ENTRY--TITLE | |
| Title | Silsilat kutub laḥn al-ʻāmmah ; |
| Volume/sequential designation | raqm 1 |
| 504 ## - BIBLIOGRAPHY, ETC. NOTE | |
| Bibliography, etc. note | Bibliography: p. 365-[377] |
| 650 #0 - SUBJECT ADDED ENTRY--TOPICAL TERM | |
| Topical term or geographic name entry element | Arabic language |
| General subdivision | Dialects. |
No items available.